00576nam a22001697a 4500020001800000040001700018082001900035100002000054245012800074250001900202260005100221300003200272546001600304610003200320650003500352700001900387 a9789692353113 cPK-NSHSNUST  a355.00924bKHA3 aKhan, Lehrasab 0 aFrom Jajja to Jajja : bjourney of my life as narrated to my granddaughter Amina Nadeem /cLt General Lehrasab Khan (Retd). aFirst Edition.3 aRawalpindi:bJajja Educational Complex,c2023. a427 pages :c25 cm bill. ; ain English.10aPakistan bArmyvBiography. 0aGeneralsxBiography.zPakistan1 aLehrasab Khan